Memoria
Para el autor, según las características del desarrollo histórico y político Centroamericano, es necesario impulsar procesos que enrumben hacia la construcción de la democracia, especialmente por el carácter centralista del sistema político que no permite generar mecanismos eficaces de participación...
Zapisane w:
| Format: | Texto |
|---|---|
| Wydane: |
San José:
Fundación DEMUCA
|
| Hasła przedmiotowe: | |
| Etykiety: |
Dodaj etykietę
Nie ma etykietki, Dołącz pierwszą etykiete!
|
MARC
| LEADER | 00000 a a2200000 04500 | ||
|---|---|---|---|
| 001 | 21924 | ||
| 003 | |||
| 040 | |a CRAI/IIS |c CRAI/IIS | ||
| 090 | |a 146204 | ||
| 245 | |a Memoria | ||
| 260 | |a San José: |b Fundación DEMUCA | ||
| 300 | |a 97 p.; vol. 3 | ||
| 520 | |a Para el autor, según las características del desarrollo histórico y político Centroamericano, es necesario impulsar procesos que enrumben hacia la construcción de la democracia, especialmente por el carácter centralista del sistema político que no permite generar mecanismos eficaces de participación de la ciudadanía en los procesos políticos de la región. Enumera los principios del gobierno representativo, define el concepto de sociedad civil y observa dos de las grandes corrientes de descentralización. REV/LCL | ||
| 650 | |a GOBIERNO LOCAL | ||
| 650 | |a DESARROLLO LOCAL | ||
| 650 | |a DESCENTRALIZACION | ||
| 650 | |a DEMOCRATIZACION | ||
| 650 | |a PARTICIPACION SOCIAL | ||
| 999 | |c 17646 |d 17646 | ||
